Analýza podnikateľského prostredia v SR bakalárska práca

Saved in:
Bibliographic Details
Main Author: Michalíková, Dominika
Corporate Author: Národohospodárska fakulta EU. Katedra financií
Other Authors: Hocman, František, 1983-
Format: Book
Language:Slovak
Published: Bratislava 2018
Tags: Add Tag
No Tags, Be the first to tag this record!

MARC

LEADER 00000nbm a2200000 4500
001 0245924
005 20181214091532.8
041 0 |a slo 
044 |a SK 
245 1 0 |a Analýza podnikateľského prostredia v SR  |b bakalárska práca  |c Dominika Michalíková ; školiteľ: František Hocman 
264 1 |a Bratislava  |c 2018 
300 |a 57 s. 
100 1 |a Michalíková, Dominika 
700 1 |a Hocman, František, 1983- 
710 2 |a Národohospodárska fakulta EU. Katedra financií